LDR 00580naa#a2200181#i#450# 001 EN\INFRA-M\bibl\101286 005 20260517110429.7 011 ## _a2587-9103 100 ## _a20250630b2025####ek#y0engy0150####ca 102 ## _aRU 200 1# _aLinguistic Markers of Aggression in Russian-Speaking Web Discourse _eJournal article 210 1# _aMoscow _cINFRA-M Academic Publishing LLC. _d2025 215 ## _a7 с. 608 ## _aJournal article _2local 675 ## _aЛингвистика. Языкознание. Языки. 81 _z 700 #1 _aKitanina _gE. A. 700 #1 _aHomich _gA. A. 856 4# _anaukaru.ru _u